| 000 | 00617nam a2200205 i 4500 | ||
|---|---|---|---|
| 001 | 68625 | ||
| 003 | ES-MaACL | ||
| 005 | 20250630040226.0 | ||
| 007 | t| | ||
| 008 | 040702s1906 fr ||||1| fre d | ||
| 100 | 1 |
_aGrappe, Georges. _959674 |
|
| 245 | 1 | 0 |
_aJules Claretie / _cpar Georges Grappe. |
| 260 |
_aParis : _bSansot, _c1906. |
||
| 300 |
_a72 p. ; _c18 cm. |
||
| 490 | 1 | _aLes célébrités d'aujourd'hui | |
| 600 | 1 | 4 |
_aClaretie, Jules, _d1840-1913 _9160289 |
| 830 | 0 |
_aLes célébrités d'aujourd'hui _9180788 |
|
| 852 |
_aES-MaACL _jD-749(2) _q. - Encudernado con otras obras |
||
| 999 |
_c68625 _d68625 |
||